书目信息 |
| 题名: |
大学英语高级写作
|
|
| 作者: | 贾光茂 主编 | |
| 分册: | ||
| 出版信息: | 南京 南京大学出版社 2018.09 |
|
| 页数: | 173页 | |
| 开本: | 26cm | |
| 丛书名: | 大学英语阶梯写作 | |
| 单 册: | ||
| 中图分类: | H319.36 | |
| 科图分类: | ||
| 主题词: | 英语--ying yu--写作--高等学校--教材 | |
| 电子资源: | ||
| ISBN: | 978-7-305-20228-5 | |
| 000 | 01138nam 2200277 450 | |
| 001 | 202019135066 | |
| 005 | 20191007123107.0 | |
| 010 | @a978-7-305-20228-5@dCNY33.00 | |
| 100 | @a20191002d2018 em y0chiy50 ea | |
| 101 | 0 | @achi@aeng |
| 102 | @aCN@b320000 | |
| 105 | @aak a 000yy | |
| 106 | @ar | |
| 200 | 1 | @a大学英语高级写作@Ada xue ying yu gao ji xie zuo@d= Advanced college English writing@f主编贾光茂@zeng |
| 210 | @a南京@c南京大学出版社@d2018.09 | |
| 215 | @a173页@c图@d26cm | |
| 225 | 2 | @a大学英语阶梯写作@Ada xue ying yu jie ti xie zuo |
| 320 | @a有书目 (第173页) | |
| 330 | @a本书以如何改进英语写作能力的衡量指标如准确性、复杂度和地道性为基础, 进而通过介绍不同文体写作步骤和过程, 辅以大量英语时事文章以提高学习者英语表达的流利度和地道性, 同时在一定程度上通过与学生专业相结合, 使信息类高校学生在进入专业英语学习之前能够打好写作基础。 | |
| 410 | 0 | @12001 @a大学英语阶梯写作 |
| 510 | 1 | @aAdvanced college English writing@zeng |
| 606 | 0 | @a英语@Aying yu@x写作@x高等学校@j教材 |
| 690 | @aH319.36@v5 | |
| 701 | 0 | @a贾光茂@Ajia guang mao@4主编 |
| 801 | 0 | @aCN@c20190905 |
| 905 | @a河南城建学院图书馆@dH319.36@eJ241 | |
| 大学英语高级写作= Advanced college English writing/主编贾光茂.-南京:南京大学出版社,2018.09 |
| 173页:图;26cm.-(大学英语阶梯写作) |
| ISBN 978-7-305-20228-5:CNY33.00 |
| 本书以如何改进英语写作能力的衡量指标如准确性、复杂度和地道性为基础, 进而通过介绍不同文体写作步骤和过程, 辅以大量英语时事文章以提高学习者英语表达的流利度和地道性, 同时在一定程度上通过与学生专业相结合, 使信息类高校学生在进入专业英语学习之前能够打好写作基础。 |
| ● |
| 相关链接 |
|
|
|
正题名:大学英语高级写作
索取号:H319.36/J241
 
预约/预借
| 序号 | 登录号 | 条形码 | 馆藏地/架位号 | 状态 | 备注 |
| 1 | 1443504 | 214435048 | 语言库209/209语言库 43排1列4层/ [索取号:H319.36/J241] | 在馆 | |
| 2 | 1443505 | 214435057 | 语言库209/209语言库 43排1列4层/ [索取号:H319.36/J241] | 在馆 |